000 00543nam a2200181 i 4500
001 133968
003 ES-MaACL
005 20230906194553.0
007 t|
008 070904s1955 xxu ||||1| eng d
100 1 _aWest, Edward Staunton.
_9116541
245 1 0 _aTextbook of Biochemistry /
_cEdward Staunton West, Wilbert R. Todd.
250 _a2nd. ed.
260 _aNew York :
_bThe Macmillan Company,
_c1955.
300 _aXII, 1356 p. :
_bil. ;
_c24 cm.
700 1 _aTodd, Wilbert R.
_9110405
852 _aES-MaACL
_jC-10901
_bR.39095
999 _c133968
_d133968